000
00310nam a2200145Ia 4500
100
_a
Burghardt/Henry D
942
_c
BK
654
_a
Machine Tool
245
_a
Machine Tool Operation
260
_b
McGraw Hill
_a
New York
_c
1951
082
_a
621.9
_b
Bur
300
_a
512
546
_a
ENGLISH
999
_c
18005
_d
18005